Etudes critiques sur les sources de l'histoire carolingienne / (Record no. 159988)

MARC details
000 -LEADER
campo de control de longitud fija 01017nam a22002295i 4500
001 - NÚMERO DE CONTROL
campo de control 159988
003 - IDENTIFICADOR DE NÚMERO DE CONTROL
campo de control ES-MaACL
005 - FECHA Y HORA DE LA ÚLTIMA TRANSACCIÓN
campo de control 20250726075515.0
008 - DATOS DE LONGITUD FIJA--INFORMACIÓN GENERAL
campo de control de longitud fija 010607s1898 fr |||| | fre d
040 ## - FUENTE DE CATALOGACIÓN
Centro catalogador/agencia de origen CCPB | B
Lengua de catalogación spa
Centro/agencia transcriptor CCPB | B
080 ## - NÚMERO DE LA CLASIFICACIÓN DECIMAL UNIVERSAL
Número de la Clasificación Decimal Universal 944"687/987"(093)
100 1# - ENTRADA PRINCIPAL--NOMBRE DE PERSONA
Nombre de persona Monod, Gabriel.
9 (RLIN) 82255
245 10 - MENCIÓN DEL TÍTULO
Título Etudes critiques sur les sources de l'histoire carolingienne /
Mención de responsabilidad, etc. par Gabriel Monod.
260 ## - PUBLICACIÓN, DISTRIBUCIÓN, ETC.
Lugar de publicación, distribución, etc. Paris :
Nombre del editor, distribuidor, etc. Librairie Émile Bouillon,
Fecha de publicación, distribución, etc. 1898 (
Lugar de fabricación/manufactura Nogent-le-Rotrou :
Fabricante Imp. Daupeley-Gouverneur)
300 ## - DESCRIPCIÓN FÍSICA
Extensión 174 p. ;
Dimensiones 25 cm.
490 1# - MENCIÓN DE SERIE
Mención de serie Bibliothèque de l'École des hautes etudes. Sciences philologiques et historiques ;
Designación de volumen o secuencia 119
505 8# - NOTA DE CONTENIDO CON FORMATO
Nota de contenido con formato Contiene: Introduction ; Les annales carolingiennes : premier livre, des origines à 829
651 #4 - PUNTO DE ACCESO ADICIONAL DE MATERIA--NOMBRE GEOGRÁFICO
Nombre geográfico Francia-
Subdivisión general Historia-
Subdivisión cronológica 687-987, Carolingios.
9 (RLIN) 8699
830 10 - PUNTO DE ACCESO ADICIONAL DE SERIE-TÍTULO UNIFORME
Título uniforme Bibliothèque de l'École des Hautes Études. Sciences historiques et philologiques
Designación de volumen o secuencia 119
9 (RLIN) 229685
852 ## - LOCALIZACIÓN
Ubicación ES-MaACL
Número de control de estantería C-7638
Nota libre - Enc. hol.
Holdings
Estatus retirado Estado de pérdida Estado de daño No para préstamo Colección Biblioteca de origen Biblioteca actual Ubicación en estantería Fecha de adquisición Fuente de adquisición Total de préstamos Signatura topográfica completa Código de barras Visto por última vez Precio de reemplazo Tipo de ítem Koha
        Libros del s. XIX Biblioteca del Ateneo de Madrid Biblioteca del Ateneo de Madrid Sala Palomar 17/01/2008     C-7638 1167492 23/02/2023 23/02/2023 Libro impreso antiguo